000 00584cam a2200145 4500500
005 20260208003818.0
041 _afre
042 _adc
100 1 0 _aGuilhaumou, Jacques
_eauthor
245 0 0 _a Paroles de président. Jacques Chirac (1995-2003 ) et le discours présidentiel sous la Ve République Damon MAYAFFRE Paris, Champion, 2004,292 p.
260 _c2005.
500 _a15
786 0 _nLangage et société | 113 | 3 | 2005-09-01 | p. 149d-159d | 0181-4095
856 4 1 _uhttps://shs.cairn.info/revue-langage-et-societe-2005-3-page-149d?lang=fr&redirect-ssocas=7080
999 _c1649017
_d1649017